• 首页
  • 本馆介绍
  • 公告通知
  • 最新文献
  • 馆藏检索
  • 电子资源
  • 读者导购
  • 参考咨询
  • 我的图书馆
  • 登录
  • 详细信息显示
  • 放入我的书架
  • 预约/预借图书
  • 作者相关作品
  • 分类相关作品
  • 丛书相关作品
  • 出版社相关作品

书目信息

  • 表格格式
  • 工作单格式
  • 卡片格式
题名:
城市绿地景观规划与设计
    
 
作者: 郭征 , 郭忠磊 , 豆苏含 主编
分册:  
出版信息: 北京   中国原子能出版社  2019
页数: 376页
开本: 26cm
丛书名:
单 册:
中图分类: TU985.2
科图分类:
主题词: 城市绿地--cheng shi lv di--城市景观--景观规划 , 城市绿地--cheng shi lv di--城市景观--景观设计
电子资源:
ISBN: 978-7-5022-9760-2
000 01122nam0 2200301 450
001 012001003538
005 20140102111322.0
010    @a978-7-5022-9760-2@dCNY96.00
099    @aCAL 012019123325
100    @a20190926d2019 ekmy0chiy50 ea
101 0  @achi
102    @aCN@b110000
105    @aak a 000yy
106    @ar
200 1  @a城市绿地景观规划与设计@Acheng shi lv di jing guan gui hua yu she ji@f主编郭征, 郭忠磊, 豆苏含
210    @a北京@c中国原子能出版社@d2019
215    @a376页@c图@d26cm
320    @a有书目 (第375-376页)
330    @a本书围绕城市景观展开,先是分析了其基本理论、原则布局,然后细节要素、设计方法,最后则分析了综合性绿地设计以及掇山、理水等。本书由浅入深,理论与实践并举,具有很强的实用性。
333    @a非常适合城市绿地景观的学习者参考
606 0  @a城市绿地@Acheng shi lv di@x城市景观@x景观规划
606 0  @a城市绿地@Acheng shi lv di@x城市景观@x景观设计
690    @aTU985.2@v5
701  0 @a郭征@Aguo zheng@4主编
701  0 @a郭忠磊@Aguo zhong lei@4主编
701  0 @a豆苏含@Adou su han@4主编
801  0 @aCN@b北京卓展@c20191020
905    @b1212023-6@dTU985.2@e1590@f4
    
    城市绿地景观规划与设计/主编郭征, 郭忠磊, 豆苏含.-北京:中国原子能出版社,2019
    376页:图;26cm
    使用对象:非常适合城市绿地景观的学习者参考
    
    ISBN 978-7-5022-9760-2:CNY96.00
    本书围绕城市景观展开,先是分析了其基本理论、原则布局,然后细节要素、设计方法,最后则分析了综合性绿地设计以及掇山、理水等。本书由浅入深,理论与实践并举,具有很强的实用性。
●
相关链接 在E读中查询图书 在五车中查询图书 在当当中查询图书 在豆瓣中查询图书


正题名:城市绿地景观规划与设计     索取号:TU985.2/1590         预约/预借

序号 登录号 条形码 馆藏地/架位号 状态 备注
1 1212023   212120239   第二样本阅览室/ [索取号:TU985.2/1590] 在馆    
2 1212024   212120248   第三借阅区/ [索取号:TU985.2/1590] 在馆    
3 1212025   212120257   第三借阅区/ [索取号:TU985.2/1590] 在馆    
4 1212026   212120266   第三借阅区/ [索取号:TU985.2/1590] 在馆    
唐山师范学院图书馆 欢迎您!
大连网信软件有限公司© 版权所有